Catálogo

Hacia una nueva laicidad : (Registro nro. 24635)

Detalles MARC
000 -LEADER
fixed length control field 01443cam a2200325 i 4500
001 - CONTROL NUMBER
control field 24635
003 - CONTROL NUMBER IDENTIFIER
control field Mx-PuUPA
005 - DATE AND TIME OF LATEST TRANSACTION
control field 20250526113103.0
008 - FIXED-LENGTH DATA ELEMENTS--GENERAL INFORMATION
fixed length control field 140415s2010 mx gr 001 0 spa d
020 ## - INTERNATIONAL STANDARD BOOK NUMBER
International Standard Book Number 9786077592334
040 ## - CATALOGING SOURCE
Original cataloging agency Mx-PuUPA
Language of cataloging spa
Transcribing agency Mx-PuUPA
Modifying agency Mx-PuUPA
Description conventions rda
041 0# - LANGUAGE CODE
Language code of text/sound track or separate title spa
043 ## - GEOGRAPHIC AREA CODE
Geographic area code n-mx---
100 1# - MAIN ENTRY--PERSONAL NAME
Personal name Mendoza Delgado, José Enrique,
9 (RLIN) 17096
Relator term autor
245 10 - TITLE STATEMENT
Title Hacia una nueva laicidad :
Remainder of title una oportunidad para México /
Statement of responsibility, etc. José Enrique Mendoza Delgado
264 #1 - PRODUCTION, PUBLICATION, DISTRIBUTION, MANUFACTURE, AND COPYRIGHT NOTICE
Place of production, publication, distribution, manufacture México, D. F. :
Name of producer, publisher, distributor, manufacturer Centro Nacional para el Desarrollo Integral ;
-- Instituto Mexicano de Doctrina Social Cristiana,
Date of production, publication, distribution, manufacture, or copyright notice ©2010
300 ## - PHYSICAL DESCRIPTION
Extent 420 páginas ;
Dimensions 21 cm
336 ## - CONTENT TYPE
Fuente rdacontent
Content type term texto
Content type code txt
337 ## - MEDIA TYPE
Source rdamedia
Media type term sin medio
Media type code n
338 ## - CARRIER TYPE
Source rdacarrier
Carrier type term volumen
Carrier type code nc
500 ## - GENERAL NOTE
General note Contiene 1 disco compacto (4 3/4 pulg.) con Anexos: 1. La libertad religiosa en las leyes internacionales, 2. La libertad religiosa en las leyes mexicanas, 3. Iniciativas y dictámenes en materia de laicidad y libertad religiosa en la cámara de diputados (2000-2010). Defectuoso.
650 #7 - SUBJECT ADDED ENTRY--TOPICAL TERM
Source of heading or term armarc
Topical term or geographic name entry element Iglesia y Estado
General subdivision Historia
650 #7 - SUBJECT ADDED ENTRY--TOPICAL TERM
Source of heading or term armarc
Topical term or geographic name entry element Libertad religiosa
Geographic subdivision México
General subdivision Historia
650 #7 - SUBJECT ADDED ENTRY--TOPICAL TERM
Source of heading or term armarc
Topical term or geographic name entry element Iglesia y Estado en México
942 ## - ADDED ENTRY ELEMENTS (KOHA)
Source of classification or shelving scheme Dewey Decimal Classification
Koha item type Libro
Classification part 322.1
Item part M53
Existencias
Withdrawn status Lost status Source of classification or shelving scheme Damaged status Not for loan Collection code Home library Current library Shelving location Date acquired Source of acquisition Cost, normal purchase price Total Checkouts Full call number Barcode Date last seen Cost, replacement price Price effective from Koha item type
    Dewey Decimal Classification     General Biblioteca Karol Wojtyla Biblioteca Karol Wojtyla Sala general 05/07/2024 Donación 0.00   322.1 M53 2010 46009 05/01/2026 0.00 03/12/2013 Libro